| Tag |
First Indicator |
Second Indicator |
Subfields |
| LEADER |
00000cam a2200000 a 4500 |
| 001 |
in00000935721 |
| 005 |
20150925091547.0 |
| 008 |
840613s1975 mx ab 10010 spa d |
| 035 |
|
|
|a (OCoLC)10837190
|
| 035 |
|
|
|9 AER3356AM
|
| 040 |
|
|
|a DDO
|c DDO
|d TXA
|d UtOrBLW
|
| 041 |
0 |
|
|a spa
|a eng
|
| 049 |
|
|
|a TXAM
|v 1 [A13449985]
|v 2 [A13450033]
|v 3 [A13450083]
|v 4 [A13450130]
|v 5 [A13450180]
|
| 050 |
|
4 |
|a F1219
|b .S62
|
| 050 |
|
4 |
|a F1219
|b .S624 1973
|
| 110 |
2 |
|
|a Sociedad Mexicana de Antropología.
|b Mesa Redonda
|n (13th :
|d 1973 :
|c Xalapa)
|
| 245 |
1 |
0 |
|a Balance y perspectiva de la antropología de Mesoamerica y del norte de México :
|b XIII Mesa redonda, Xalapa, sep. 9-15 de 1973.
|
| 264 |
|
1 |
|a México :
|b Sociedad Mexicana de Antropología,
|c 1975.
|
| 300 |
|
|
|a 5 volumes :
|b illustrations, maps ;
|c 28 cm.
|
| 336 |
|
|
|a text
|b txt
|2 rdacontent
|
| 337 |
|
|
|a unmediated
|b n
|2 rdamedia
|
| 338 |
|
|
|a volume
|b nc
|2 rdacarrier
|
| 500 |
|
|
|a Cover title.
|
| 500 |
|
|
|a Some contributions in English.
|
| 504 |
|
|
|a Includes bibliographies.
|
| 650 |
|
0 |
|a Indians of Mexico.
|
| 651 |
|
0 |
|a Mexico
|x Antiquities.
|
| 650 |
|
0 |
|a Indians of Central America.
|
| 651 |
|
0 |
|a Central America
|x Antiquities.
|
| 999 |
|
|
|a MARS
|
| 999 |
f |
f |
|s 0b3268c5-7cc1-3859-8aaa-885f283bf899
|i 2e4aae46-ffd3-39aa-bc7a-743accd7b1ba
|t 0
|
| 952 |
f |
f |
|p ric
|a Texas A&M University
|b Rellis Campus
|c Joint Library Facility
|d Remote Storage
|t 0
|e F1219 .S624 1973
|h Library of Congress classification
|i unmediated -- volume
|k v.3
|m A14813450083
|
| 952 |
f |
f |
|p ric
|a Texas A&M University
|b Rellis Campus
|c Joint Library Facility
|d Remote Storage
|t 0
|e F1219 .S624 1973
|h Library of Congress classification
|i unmediated -- volume
|k v.5
|m A14813450180
|
| 952 |
f |
f |
|p ric
|a Texas A&M University
|b Rellis Campus
|c Joint Library Facility
|d Remote Storage
|t 0
|e F1219 .S624 1973
|h Library of Congress classification
|i unmediated -- volume
|k v.4
|m A14813450130
|
| 952 |
f |
f |
|p ric
|a Texas A&M University
|b Rellis Campus
|c Joint Library Facility
|d Remote Storage
|t 0
|e F1219 .S624 1973
|h Library of Congress classification
|i unmediated -- volume
|k v.1
|m A14813449985
|
| 952 |
f |
f |
|p ric
|a Texas A&M University
|b Rellis Campus
|c Joint Library Facility
|d Remote Storage
|t 0
|e F1219 .S624 1973
|h Library of Congress classification
|i unmediated -- volume
|k v.2
|m A14813450033
|
| 998 |
f |
f |
|a F1219 .S624 1973
|s v.1-v.5
|t 0
|l Remote Storage
|